| 000 | 00657nam a22001337a 4500 | ||
|---|---|---|---|
| 040 | _cRUA | ||
| 082 | _aAGR NHO 2009 B039 Or.1 | ||
| 100 | _aNHOR CHANSINETH | ||
| 245 | _aeffect of different fertilizer on rice yield of ir 66 variety in sang district, kandal province(ឥទ្ធិពលផ្សេងគ្នាទៅលើទិន្នផលពូជស្រូវ អ៊ីអ៊ែ ៦៦ នៅស្រុកស្អាង ខេត្តកណ្ដាល) | ||
| 260 |
_aPhnom Penh _bRUA _c2009 |
||
| 300 |
_ax, 53p. _bill. _c29cm. |
||
| 856 | _uhttps://drive.google.com/file/d/1yjMB8CoMmpIEPRj9-7Fp5mqcWEDCb9Xn/view?usp=sharing | ||
| 942 | _cAGR | ||
| 999 |
_c906 _d906 |
||